000 00264nam a22000977a 4500
999 _c11593
_d11593
008 190801b ||||| |||| 00| 0 eng d
020 _a9780241365748
100 _aCruddas Sarah
_97302
245 _aFind out Solar System
260 _aLondon
_bPenguin Random House
_c2018